The Walking Dead - Postacie po zdjęciach - Statystyki

Ogólne statystyki
  • Ten quiz został rozwiązany 1 197 razy
  • Średni wynik to 19 z 35
Statystyki odpowiedzi
Obrazkowy Hint Odpowiedź % Poprawnych
Imię i nazwisko Rick Grimes
96%
Imię i nazwisko Carl Grimes
88%
Imię Glenn
80%
Imię i nazwisko Lori Grimes
80%
Imię i nazwisko Daryl Dixon
78%
Imię Carol
77%
Imię Negan
69%
,,Pseudonim" Gubernator
68%
Imię Abraham
67%
Imię Andrea
67%
Imię Michonne
66%
Imię i nazwisko Merle Dixon
62%
Imię T-Dog
61%
Imię Morgan
59%
Imię Tara
59%
Imię Eugene
58%
Imię i nazwisko Rosita
57%
Imię Dale
55%
Imię Enid
52%
Imię Ezekiel
52%
,,Pseudonim" Alfa
50%
Imię Aaron
49%
Imię i nazwisko Shane Walsh
48%
Imię Bob
47%
Imię Dwight
41%
Imię Sasha
41%
Imię i nazwisko Hershel Greene
39%
Imię i nazwisko Maggie Greene
39%
Imię Noah
37%
Imię Simon
37%
Imię i nazwisko Beth Greene
36%
Imię Tyreese
29%
Imię (Więzień) Axel
24%
Imię Martinez
12%
Imię Milton
6%
Nie znaleziono quizów pasujących do podanych kryteriów
Rozkład punktacji
Procent ludzi z każdym wynikiem
Percentyl według liczby udzielonych odpowiedzi
Twoja historia wyników
Nie rozwiązałeś tego quizu